Estrellas 5 años: religión católica segundo ciclo de educación infantil

Saved in:
Bibliografiske detaljer
Main Authors: Pérez Landáburu, Encarnación (Author), García Franco, Pedro María (Author), Camino Beazcua, Guillermo (Author), Bueno Heras, Carmelo (Author), Pérez Urroz, Alejandro (Author)
Format: Bog
Sprog:spansk
Udgivet: Madrid Bruño 1997
Fag:
Tags: Tilføj Tag
Ingen Tags, Vær først til at tagge denne postø!

MARC

LEADER 00000nam a2200000 a 4500
001 UCP4729
003 CL-VaPUC
008 990813e19970000SP |||||||||||||||||spa|d
082 0 4 |a 372.84  |b PER  |2 21 
100 0 |a Pérez Landáburu, Encarnación  |e author  |9 432532 
700 |a García Franco, Pedro María  |e author  |9 433488 
700 0 |a Camino Beazcua, Guillermo  |e author  |9 432534 
700 0 |a Bueno Heras, Carmelo  |e author  |9 432535 
700 0 |a Pérez Urroz, Alejandro  |e author  |9 432536 
245 1 0 |a Estrellas 5 años: religión católica segundo ciclo de educación infantil 
300 |a 126 p 
942 |c BK 
945 |d 19990813 00:00:00  |a rbrito 
260 |a Madrid  |b Bruño  |c 1997 
500 |a Incluye en forma separada cassette de canciones 
650 0 |a Educación básica   |9 224933 
650 0 |a Educación religiosa   |9 308312 
650 0 |a Religión católica   |9 399371 
583 |a last modification  |c 19990813 00:00:00  |k Rodrigo Vera 
999 |c 282630  |d 282628 
952 |0 0  |1 0  |4 0  |6 372_840000000000000_PER_1997  |7 0  |8 A  |9 324672  |a BIBEDU  |b BIBEDU  |d 2019-11-20  |i 3540324  |o 372.84 PER 1997  |p 3540324  |r 2019-11-20  |w 2019-11-20  |y BK  |k BME 
952 |0 0  |1 0  |4 0  |6 372_840000000000000_PER_1997  |7 0  |8 A  |9 324673  |a BIBEDU  |b BIBEDU  |d 2019-11-20  |i 3541428  |o 372.84 PER 1997  |p 3541428  |r 2019-11-20  |w 2019-11-20  |y BK  |k BME